000 00262nam a22001217a 4500
003 SGT
082 _a823.92
_bROW
100 _aROWLINE J.K
245 _aHARRY POTTER AND THE CURSED CHILD
260 _aU.K
_bSPHERE PUB
_c2017
300 _a329
942 _2ddc
_cBK
999 _c33561
_d33561